Corpus : a home movie for Selena /

Corpus focuses on Selena's fans on both sides of the border, who saw her as a symbol of hope and cultural pride. Includes interviews with personal friends, family, and fans, intercut with archival footage of performances and appearances at awards ceremonies, and news coverage about her murder a...

Full description

Bibliographic Details
Corporate Authors: Xochitl Films (Firm), Women Make Movies (Firm)
Other Authors: Portillo, Lourdes
Format: Video DVD
Language:English
Spanish
Language Notes:In English and Spanish with English subtitles.
Published: New York : Women Make Movies, [1999]
Subjects:

MARC

Tag First Indicator Second Indicator Subfields
LEADER 00000cgm a2200000Ia 4500
001 in00002200708
005 20151104132056.0
007 vd mhaizq
008 060503p19991998nyu049 vleng d
035 |a (OCoLC)ocm68123217 
040 |a WLU  |c WLU  |d UMC  |d UtOrBLW 
041 0 |a eng  |a spa 
043 |a n-us-tx  |a n-mx-- 
049 |a TXAM 
090 |a ML420.S45  |b C67 1999 
245 0 0 |a Corpus :  |b a home movie for Selena /  |c POV ; Xochitl Films ; producer/director, Lourdes Portillo. 
246 3 0 |a Home movie for Selena 
246 1 |i Title on container  |a Corpus : a home movie about Selena 
264 1 |a New York :  |b Women Make Movies,  |c [1999] 
300 |a 1 videodisc (49 min.) :  |b sound, color with black and white sequences ;  |c 4 3/4 in. 
336 |a two-dimensional moving image  |b tdi  |2 rdacontent 
337 |a video  |b v  |2 rdamedia 
338 |a videodisc  |b vd  |2 rdacarrier 
538 |a DVD format. 
546 |a In English and Spanish with English subtitles. 
508 |a Videographer, Emiko Omori ; editor, Vivien Hillgrove. 
500 |a Originally broadcast on the PBS television program POV. 
500 |a Widescreen presentation. 
520 |a Corpus focuses on Selena's fans on both sides of the border, who saw her as a symbol of hope and cultural pride. Includes interviews with personal friends, family, and fans, intercut with archival footage of performances and appearances at awards ceremonies, and news coverage about her murder and the memorial service in Corpus Christi. 
500 |a Videorecording. 
600 0 0 |a Selena,  |d 1971-1995. 
650 0 |a Tejano musicians  |v Biography. 
650 0 |a Mexican American women singers  |v Biography. 
650 0 |a Hispanic American women  |v Biography. 
655 7 |a Documentary films.  |2 lcgft 
655 7 |a Biographical films.  |2 lcgft 
700 1 |a Portillo, Lourdes. 
710 2 |a Xochitl Films (Firm) 
710 2 |a Women Make Movies (Firm) 
730 0 |a POV (Television program) 
994 |a C0  |b TXA 
948 |a cataloged  |b h  |c 2007/2/5  |d c  |e aklinger  |f 3:25:13 pm 
999 |a MARS 
999 f f |s d1d19154-b751-33cc-b8be-385569649c2f  |i a5d44708-d25f-3483-a498-6e29e4a3cdf8  |t 0 
952 f f |p ric  |a Texas A&M University  |b Rellis Campus  |c Joint Library Facility  |d Remote Storage  |t 0  |e ML420.S45 C67 1999  |h Library of Congress classification  |i video -- videodisc  |m A14835655489 
998 f f |a ML420.S45 C67 1999  |t 0  |l Remote Storage